000 00406 a2200169 4500
001 73523
020 _a9788535626858
040 _cAnchieta - Colégio São Paulo
100 _aOsório, Ramiro S.
240 1 0 _aTodos os contos do lápis surdo
_lpor
245 1 0 _aTodos os contos do lápis surdo
300 _a119
362 0 _a2011
440 1 _aPaulinas
650 4 _aLiteratura juvenil
942 _cBK
999 _c73523
_d73523